[Event "Krakow op-B"]
[Site "Krakow"]
[Date "2001.01.03"]
[Round "8"]
[White "Wozniak, Pawel"]
[Black "Sawczuk, Czeslaw"]
[Result "0-1"]
[WhiteElo "2000"]
[BlackElo "2077"]
[PlyCount "97"]
[EventDate "2000.12.??"]
[EventType "swiss"]
[EventRounds "9"]
[EventCountry "POL"]
[SourceTitle "EXT 2005"]
[Source "ChessBase"]
[SourceDate "2004.11.15"]
[SourceVersion "1"]
[SourceVersionDate "2004.11.15"]
[SourceQuality "1"]

1. e4 c5 2. f4 Nf6 3. Nf3 d6 4. Nc3 e6 5. Be2 Be7 6. 0-0 0-0 7. d3 Nc6 8. Kh1 d5 9. e5 Nd7 10. Bd2 f6 11. exf6 Nxf6 12. Ne5 Nd4 13. Be3 Nxe2 14. Nxe2 d4 15. Bd2 Qc7 16. Ng3 b6 17. Nh5 Bb7 18. Nxf6+ Rxf6 19. Qe2 Raf8 20. c3 dxc3 21. bxc3 Bd6 22. d4 c4 23. Rae1 Bd5 24. Bc1 Rf5 25. Kg1 b5 26. a3 a5 27. Qb2 Rb8 28. Bd2 Qe7 29. Ra1 Rff8 30. Rfb1 Rb7 31. h3 Qh4 32. Qc1 g5 33. Qe1 Qxe1+ 34. Rxe1 gxf4 35. Rf1 Rg7 36. Rf2 Rg3 37. Kh2 Rf5 38. Rg1 Bxa3 39. Rxf4 Rxf4 40. Kxg3 Re4 41. Kf2 b4 42. Nd7 b3 43. Nb6 Be7 44. Na4 e5 45. dxe5 Rxe5 46. Ra1 Bc6 47. Nb2 Bc5+ 48. Kf1 a4 49. Bf4 0-1